| 000 | | | 06860cbm0a2200385#x 450 |
| 001 | | | 67d9075c-2f34-4a7d-9852-bec1d8ff8d0b |
| 005 | | | 20251124153324.0 |
| 100 | ## | $a | 20251124j19450508k###0rusy50 ca |
| 101 | 1# | $a | rus |
| | $c | eng |
| 102 | ## | $a | US |
| 105 | ## | $a | y###z######## |
| 122 | 0# | $a | d19450508## |
| 200 | 1# | $a | Личная нота поверенного в делах США Дж. Ф. Кеннана первому заместителю наркома иностранных дел СССР А. Я. Вышинскому с препровождением личного послания президента США Г. Трумэна И. В. Сталину с поздравлениями и высокой оценкой роли Советского Союза в победе над нацизмом |
| | $j | 8 мая 1945 г. |
| 251 | ## | $c | Документ |
| 300 | ## | $a | Перевод на русский язык, современный оригиналу. Оригинал на английском языке |
| 461 | #0 | $1 | 2001 |
| | $a | Ф. 558 |
| | $1 | 251 |
| | $c | Фонд |
| | $1 | 852 |
| | $j | 558 |
| 462 | #0 | $1 | 2001 |
| | $a | Оп. 11 |
| | $1 | 251 |
| | $c | Опись |
| | $1 | 852 |
| | $j | 11 |
| 462 | #0 | $1 | 2001 |
| | $a | Д. 371 |
| | $v | Л. 70, 71-72 |
| | $1 | 251 |
| | $c | Дело |
| | $1 | 852 |
| | $j | 371 |
| 600 | #1 | $2 | nlr_sh |
| | $3 | RU\NLR\AUTH\661320394 |
| | $a | Кеннан |
| | $b | Д.Ф. |
| | $g | Джорж Фрост |
| | $f | 1904 - 2005 |
| | $j | Документы и материалы |
| 600 | #1 | $2 | nlr_sh |
| | $3 | RU\NLR\AUTH\66323983 |
| | $a | Трумэн |
| | $g | Гарри |
| | $b | Г. |
| | $f | 1884 - 1972 |
| | $j | Документы и материалы |
| 605 | ## | $2 | prlib_sh |
| | $3 | LIBNET\UAF\0000088514 |
| | $a | Вторая мировая война в архивных документах (Комплекс оцифрованных архивных документов, кино- и фотоматериалов) |
| | $l | коллекция |
| 605 | ## | $2 | acquisition_Prlib |
| | $3 | DITM\AF\0000002775 |
| | $a | Власть |
| | $l | коллекция |
| 606 | 1# | $2 | nlr_sh |
| | $3 | RU\NLR\AUTH\66242017 |
| | $a | Вторая мировая война |
| | $z | 1939 - 1945 |
| | $x | Заключительный период |
| | $j | Документы и материалы |
| 606 | 1# | $2 | nlr_sh |
| | $3 | RU\NLR\AUTH\661424960 |
| | $a | Великая Отечественная война |
| | $z | 1941 - 1945 |
| | $x | Победа над Германией |
| | $x | Значение |
| | $j | Документы и материалы |
| 607 | ## | $2 | prlib_sh |
| | $3 | LIBNET\UAF\0000010921 |
| | $a | СССР |
| | $x | Взаимоотношения |
| | $y | Соединенные штаты Америки |
| | $z | 1940-1950-е гг. |
| | $j | Документы и материалы |
| 607 | ## | $2 | prlib_sh |
| | $3 | LIBNET\UAF\0000010922 |
| | $a | Соединенные штаты Америки |
| | $x | Взаимоотношения |
| | $y | СССР |
| | $z | 1940-1950-е гг. |
| | $j | Документы и материалы |
| 617 | ## | $a | Соединенные штаты Америки |
| | $f | 1945 |
| | $2 | prlib_sh |
| 686 | ## | $a | 63.3(0)622,194ю1 |
| | $v | LBC/M |
| | $2 | rubbk |
| 686 | ## | $a | 63.3(2)622-64(7Сое)ю1 |
| | $v | LBC/M |
| | $2 | rubbk |
| 686 | ## | $a | 63.3(7Сое)622-64(2)ю1 |
| | $v | LBC/M |
| | $2 | rubbk |
| 801 | #0 | $a | RU |
| | $b | ПБ им. Б.Н. Ельцина |
| | $c | 20251124 |
| 801 | #1 | $a | RU |
| | $b | ПБ им. Б.Н. Ельцина |
| | $c | 20251124 |
| | $2 | rusmarc |
| 801 | #2 | $a | RU |
| | $b | ПБ им. Б.Н. Ельцина |
| | $c | 20251124 |
| | $2 | rusmarc |
| 850 | ## | $a | Российский государственный архив социально-политической истории |
| 852 | ## | $a | РГАСПИ |
| | $j | Л. 70, 71-72 |
| 035 | ## | $a | LIBNET\0001514726 |
| 937 | ## | $d | 198506005 |
| | $h | Федеральное архивное агентство |
| 856 | 4# | $u | http://readingroom.main.prlib.ru/item.aspx?id_node=n198506005&mode=full |